10 meilleurs buteurs de l'équipe de France de football ⚽ - Statistiques

Statistiques générales
  • Ce quiz a été pris 116 fois
  • Le résultat moyen est 8 sur 10
Statistiques - réponses
Nombre de buts Joueurs % Correct
56 buts Kylian Mbappé
100%
57 buts Olivier Giroud
98%
44 buts Antoine Griezmann
96%
51 buts Thierry Henry
92%
31 buts Zinedine Zidane
88%
41 buts Michel Platini
87%
37 buts Karim Benzema
78%
34 buts David Trezeguet
72%
30 buts Just Fontaine
68%
30 buts Jean Pierre Papin
62%
Aucun quiz correspondant
Distribution des résultats
% des personnes avec chaque résultat
Percentile par nombre de réponses
Votre historique - résultats
Vous n’avez pas pris ce quiz